000 00429pab a2200157 454500
008 180718b2005 xxu||||| |||| 00| 0 eng d
100 _aJaamdar, S.M.
245 _aIntegrated land records management system a paradigm change in Karnataka state
260 _c2005
300 _ap.34-53.
362 _aDec
650 _aLand tenure - India - Karnatka
650 _aLand tenure
773 _aThe Administrator
909 _a72740
999 _c72740
_d72740